<?xml version="1.0" encoding="UTF-8"?>
<record
    xmlns:xsi="http://www.w3.org/2001/XMLSchema-instance"
    xsi:schemaLocation="http://www.loc.gov/MARC21/slim http://www.loc.gov/standards/marcxml/schema/MARC21slim.xsd"
    xmlns="http://www.loc.gov/MARC21/slim">

  <leader>01058nam a2200193 a 4500</leader>
  <controlfield tag="008">190917e2020    ag  |||g |||| 001 0 spa d</controlfield>
  <datafield tag="020" ind1=" " ind2=" ">
    <subfield code="a">9789875457942</subfield>
  </datafield>
  <datafield tag="041" ind1=" " ind2=" ">
    <subfield code="a">spa</subfield>
  </datafield>
  <datafield tag="092" ind1=" " ind2=" ">
    <subfield code="c">808</subfield>
    <subfield code="l">7</subfield>
    <subfield code="s">BLA</subfield>
  </datafield>
  <datafield tag="100" ind1="1" ind2=" ">
    <subfield code="a">Blasco, Mart&#xED;n.</subfield>
    <subfield code="9">4318</subfield>
  </datafield>
  <datafield tag="245" ind1=" " ind2="3">
    <subfield code="a">La oscuridad de los colores /</subfield>
    <subfield code="c">Mart&#xED;n Blasco</subfield>
  </datafield>
  <datafield tag="250" ind1=" " ind2=" ">
    <subfield code="a">2a ed. 1a reimp.</subfield>
  </datafield>
  <datafield tag="260" ind1=" " ind2=" ">
    <subfield code="a">Buenos Aires:</subfield>
    <subfield code="b">Norma;</subfield>
    <subfield code="c">2020.</subfield>
  </datafield>
  <datafield tag="300" ind1=" " ind2=" ">
    <subfield code="a">248 p.</subfield>
    <subfield code="c">21x14 cm.</subfield>
  </datafield>
  <datafield tag="500" ind1=" " ind2=" ">
    <subfield code="a">Blasco, M. (2020). La oscuridad de los colores. (2a ed.). Buenos Aires : Norma.</subfield>
  </datafield>
  <datafield tag="505" ind1=" " ind2=" ">
    <subfield code="a">En 1910, una Buenos Aires feliz se prepara para los festejos del primer Centenario. Alejandro, un joven periodista, recibe un encargo tan siniestro como perturbador: investigar la desaparici&#xF3;n de cinco ni&#xF1;os ocurrida m&#xE1;s de dos d&#xE9;cadas atr&#xE1;s. 
Una joven que no recuerda nada de su vida, un hombre que se comporta como un perro y las on&#xED;ricas im&#xE1;genes de una sesi&#xF3;n de hipnosis,son las pistas que guiar&#xE1;n a Alejandro, y tambi&#xE9;n al lector, hacia un final completamente inesperado. </subfield>
  </datafield>
  <datafield tag="655" ind1=" " ind2=" ">
    <subfield code="a">Literatura</subfield>
    <subfield code="9">2917</subfield>
  </datafield>
  <datafield tag="942" ind1=" " ind2=" ">
    <subfield code="2">ddc</subfield>
    <subfield code="c">LIT</subfield>
  </datafield>
  <datafield tag="999" ind1=" " ind2=" ">
    <subfield code="c">3269</subfield>
    <subfield code="d">3269</subfield>
  </datafield>
  <datafield tag="952" ind1=" " ind2=" ">
    <subfield code="0">0</subfield>
    <subfield code="1">0</subfield>
    <subfield code="2">ddc</subfield>
    <subfield code="4">0</subfield>
    <subfield code="7">0</subfield>
    <subfield code="a">BFM</subfield>
    <subfield code="b">BFM</subfield>
    <subfield code="c">CR</subfield>
    <subfield code="d">2025-05-16</subfield>
    <subfield code="e">Donaci&#xF3;n Mayo 2025. Silva, Zamira Florencia.</subfield>
    <subfield code="l">0</subfield>
    <subfield code="o">808 7 BLA</subfield>
    <subfield code="p">5030</subfield>
    <subfield code="r">2025-05-16</subfield>
    <subfield code="t">Ej. 1</subfield>
    <subfield code="w">2025-05-16</subfield>
    <subfield code="y">LIT</subfield>
    <subfield code="z">Donaci&#xF3;n Mayo 2025. Silva, Zamira Florencia. Sede Tordos.</subfield>
    <subfield code="f"></subfield>
  </datafield>
</record>
